Utilización de alimentos tropicales: Cereales

Bibliographic Details
Main Author: FAO.
Format: Section = Libro
Language:Undetermined
Spanish
Published: Roma FAO 1990
Subjects:
LEADER 00656nam a2200229Ia 4500
008 240830s9999 xx 000 0 und d
020 |a 92-5-302774-6 
040 |a CEDOC FIQ-RUSB / 633.1 F111 
041 |a spa 
082 |a 633.1 F111 
100 1 |a FAO. 
245 1 0 |a Utilización de alimentos tropicales: Cereales 
260 |a Roma  |b FAO  |c 1990 
300 |a 132 p. :il 
650 7 |a CEREALES-UTILIZACIÓN Y ELABORACIÓN 
650 7 |b  CEREALES COMO ALIMENTOS 
650 7 |c  GRAMINEAS, TRIGO, ARROZ, MAIZ 
650 7 |d  PRODUCTOS CEREALES 
650 7 |e  PROCESOS DE LA MOLIENDA DEL TRIGO, ARROZ, MAIZ 
942 |c BK  |2 ddc 
991 |a TEXTO 
999 |c 13220